00245nam a2200097Ia 45000010005000000080041000050820017000461000024000632450035000872600025001224262241024s9999 xx 000 0 und d aRD/864/M387m aRAfael A. Martorell 0aMaquito Cafemba y sus andanzas bEd. Cristopherc2013